Name A U.S. State Capital A-Z - Statistics

General Stats
  • This quiz has been taken 16,374 times
  • The average score is 13 of 16
Answer Stats
Letter # Capital % Correct
A 5 Albany | Annapolis | Atlanta | Augusta | Austin
97%
B 4 Baton Rouge | Bismarck | Boise | Boston
93%
S 6 Sacramento | Saint Paul | Salem | Salt Lake City | Santa Fe | Springfield
92%
D 3 Denver | Des Moines | Dover
87%
H 4 Harrisburg | Hartford | Helena | Honolulu
87%
J 3 Jackson | Jefferson City | Juneau
87%
C 6 Carson City | Charleston | Cheyenne | Columbia | Columbus | Concord
86%
T 3 Tallahassee | Topeka | Trenton
82%
P 3 Pierre | Phoenix | Providence
81%
O 2 Oklahoma City | Olympia
78%
I 1 Indianapolis
77%
L 3 Lansing | Lincoln | Little Rock
77%
R 2 Raleigh | Richmond
73%
M 3 Madison | Montgomery | Montpelier
72%
F 1 Frankfort
63%
N 1 Nashville
57%
No matching quizzes found
Score Distribution
Percent of People with Each Score
Percentile by Number Answered
Your Score History
You have not taken this quiz